[Event "Wroclaw Anderssen Memorial"]
[Site "Wroclaw"]
[Date "2022.07.30"]
[Round "4"]
[White "Pietraszko, Jakub"]
[Black "Majcher, Igor"]
[Result "0-1"]
[WhiteElo "1747"]
[BlackElo "1449"]
[PlyCount "78"]
[EventDate "2022.07.30"]
[EventType "swiss (rapid)"]
[EventRounds "9"]
[EventCountry "POL"]
[SourceTitle "CBM 209 Extra"]
[Source "ChessBase"]
[SourceDate "2022.09.30"]
[SourceVersion "1"]
[SourceVersionDate "2022.09.30"]
[SourceQuality "1"]

1. d4 Nf6 2. Nc3 d5 3. Bg5 e6 4. e4 dxe4 5. Nxe4 Be7 6. Bxf6 Bxf6 7. c3 0-0 8. Bd3 Nd7 9. f4 b6 10. Nf3 Bb7 11. Qe2 c5 12. dxc5 Nxc5 13. Nxc5 bxc5 14. 0-0 Qb6 15. Ne5 Bxe5 16. Bxh7+ Kxh7 17. Qh5+ Kg8 18. fxe5 Qxb2 19. Qh3 Qd2 20. Rad1 Qh6 21. Qd3 Qg6 22. Qxg6 fxg6 23. Rd7 Rxf1+ 24. Kxf1 Bd5 25. a3 Rb8 26. Rxa7 Rb1+ 27. Ke2 c4 28. Ke3 Rd1 29. g3 Rd3+ 30. Ke2 Rxc3 31. Kd2 Rf3 32. a4 Rf2+ 33. Kc3 Rf3+ 34. Kd4 Rd3+ 35. Kc5 c3 36. Kb4 c2 37. Rc7 Rb3+ 38. Ka5 Be4 39. h4 Rb1 0-1